Las glorias de María
Сохранить в:
| Главный автор: | |
|---|---|
| Формат: | |
| Язык: | испанский |
| Опубликовано: |
Madrid
Librería Religiosa
1900
|
| Предметы: | |
| Метки: |
Добавить метку
Нет меток, Требуется 1-ая метка записи!
|
MARC
| LEADER | 00000nam a2200000 a 4500 | ||
|---|---|---|---|
| 001 | UCI6440 | ||
| 003 | CL-VaPUC | ||
| 008 | 080509e19000000SP |||||||||||||||||spa|d | ||
| 082 | 0 | 4 | |a 232.9 |b LIG |2 21 |
| 100 | |a Ligorio, Alfonso María de, |c Santo |e autor |9 611672 | ||
| 245 | 1 | 4 | |a Las glorias de María |
| 300 | |a 479 p | ||
| 942 | |c BK | ||
| 945 | |d 20080509 00:00:00 |a rbrito | ||
| 260 | |a Madrid |b Librería Religiosa |c 1900 | ||
| 500 | |a Donación Padres Capuchinos | ||
| 600 | 0 | |a Virgen María |9 314204 | |
| 650 | 0 | |a Mariología |9 365249 | |
| 583 | |a last modification |c 20080509 00:00:00 |k Rodrigo Vera | ||
| 999 | |c 329951 |d 329949 | ||
| 952 | |0 0 |1 0 |4 0 |6 232_900000000000000_LIG_1900 |7 0 |8 X |9 415198 |a FDOBUD |b FDOBUD |d 2019-11-22 |i 4438256 |o 232.9 LIG 1900 |p 4438256 |r 2019-11-22 |w 2019-11-22 |y BK_X |k BUD | ||